3417-高梁市(岡山県)の駅 - Statistics

General Stats
  • This quiz has been taken 7 times
  • The average score is 4 of 5
Answer Stats
Answer % Correct
備中高梁
100%
備中広瀬
86%
備中川面
86%
方谷
86%
木野山
71%
No matching quizzes found
Score Distribution
Percent of People with Each Score
Percentile by Number Answered
Your Score History
You have not taken this quiz